Kraje najbliżej Finlandii - Jedna Minuta Sprint - Statystyki

Ogólne statystyki
  • Ten quiz został rozwiązany 1 241 razy
  • Średni wynik to 16 z 20
Statystyki odpowiedzi
km kraj % Poprawnych
0 Norwegia
99%
603 Polska
99%
0 Rosja
99%
0 Szwecja
99%
47 Estonia
96%
378 Litwa
96%
213 Łotwa
96%
718 Niemcy
95%
575 Dania
91%
470 Białoruś
86%
879 Ukraina
85%
1044 Czechy
82%
1153 Słowacja
79%
1071 Niderlandy
61%
1315 Belgia
58%
1256 Węgry
58%
1262 Austria
53%
1306 Rumunia
45%
1106 Zjednoczone Królestwo
42%
1291 Mołdawia
40%
Nie znaleziono quizów pasujących do podanych kryteriów
Rozkład punktacji
Procent ludzi z każdym wynikiem
Percentyl według liczby udzielonych odpowiedzi
Twoja historia wyników
Nie rozwiązałeś tego quizu